El increíble efecto enero : (Registro nro. 8320)
[ vista simple ]
| 000 -LEADER | |
|---|---|
| fixed length control field | 03144nam a2200301Ia 4500 |
| 003 - CONTROL NUMBER IDENTIFIER | |
| control field | OSt |
| 005 - DATE AND TIME OF LATEST TRANSACTION | |
| control field | 20210812103726.0 |
| 008 - FIXED-LENGTH DATA ELEMENTS--GENERAL INFORMATION | |
| fixed length control field | 210310s1998 sp ad gr 000 0dspa d |
| 020 ## - INTERNATIONAL STANDARD BOOK NUMBER | |
| International Standard Book Number | 8434414317 |
| 040 ## - CATALOGING SOURCE | |
| Original cataloging agency | CO-JMCR |
| Transcribing agency | CO-JMCR |
| 041 1# - LANGUAGE CODE | |
| Language code of text/sound track or separate title | spa |
| Language code of original | eng |
| 082 04 - DEWEY DECIMAL CLASSIFICATION NUMBER | |
| Classification number | 332.632 / |
| Item number | H371i |
| Edition number | 23 |
| 100 1# - MAIN ENTRY--PERSONAL NAME | |
| Personal name | Haugen, Robert A., |
| 9 (RLIN) | 16934 |
| Relator term | autor |
| 245 13 - TITLE STATEMENT | |
| Title | El increíble efecto enero : |
| Remainder of title | el misterio no resuelto de los mercados de valores / |
| Statement of responsibility, etc. | Robert A. Haugen, Josef Lakonishok ; [traducción de Vicente Morales López del Castillo] |
| 250 ## - EDITION STATEMENT | |
| Edition statement | 1. edición |
| 260 ## - PUBLICATION, DISTRIBUTION, ETC. | |
| Place of publication, distribution, etc. | Barcelona : |
| Name of publisher, distributor, etc. | Editorial Ariel, S. A., |
| Date of publication, distribution, etc. | 1998 |
| 300 ## - PHYSICAL DESCRIPTION | |
| Extent | 156 páginas : |
| Other physical details | ilustraciones y gráficas a blanco y negro ; |
| Dimensions | 22 cm. |
| 490 0# - SERIES STATEMENT | |
| Series statement | Ariel Sociedad Económica |
| 500 ## - GENERAL NOTE | |
| General note | Incluye notas a pie de página y datos biográficos de los autores<br/>Título original: The Incredible January Effect: The Stock Market's Unsolved Mystery<br/> |
| 504 ## - BIBLIOGRAPHY, ETC. NOTE | |
| Bibliography, etc. note | Bibliografía: páginas 147-156 |
| 505 0# - FORMATTED CONTENTS NOTE | |
| Formatted contents note | Solamente en enero -- Si somos tan inteligentes...¿es posible que el mercado sea tan tonto? -- Tras las huellas de un gigante --El nombre del juego -- Jugando el juego |
| 520 3# - SUMMARY, ETC. | |
| Summary, etc. | Algo extraño ha sucedido sistemáticamente en los mercados de acciones y obligaciones en todo el mundo. El hecho extraño es que, duran te décadas, ciertos tipos de valores han producido enormes ganancias en el primer mes del año. Para los inversores-tanto pequeños como grandes- esto es un gran negocio. La existencia de este fenómeno empieza ahora a ser reconocido, y su nombre -el Efecto Enero está entrando en el léxico de los académicos e inversores profesionales.<br/>• Las empresas pequeñas con un capital social valorado en menos de 200 millones de dólares...<br/>• Las acciones que se venden a precios considerablemente inferiores a los de niveles anteriores... <br/>• Acciones que no pagan dividendos.... Obligaciones de baja calidad emitidas por empresas...<br/>¿Qué conexión se dan entre estos valores? Son parte de un grupo de élite de vehículos de inversión que experimenta rentabilidades des mesuradamente elevadas durante el primer mes del año.<br/>El increíble Efecto Enero indaga en el misterio, revelando hechos sobre los mercados de valores que los lectores encontrarán a un tiempo ilustradores y muy útiles. Gran parte de la investigación reciente sobre la conducta de los mercados de valores es acerca de este misterio que, por primera vez, es revelado en un lenguaje no académico. Los auto res Haugen y Lakonishok enfocan el tema al estilo de una buena nove la policíaca con sus pistas y evidencias.<br/>Finalmente, los autores explican cómo diseñar una estrategia de inversión para capturar los beneficios del Efecto Enero usando futuros fi nancieros, opciones sobre índices, fondos de inversión o acciones.941535-5<br/><br/>Ariel Sociedad Económica<br/><br/>9788434 414310<br/><br/>F5<br/><br/>F6<br/><br/>2<br/><br/>#3 # 3<br/><br/>45 4<br/><br/>& 6<br/><br/>5<br/><br/>7 |
| 546 ## - LANGUAGE NOTE | |
| Language note | Traducido del inglés. |
| 650 14 - SUBJECT ADDED ENTRY--TOPICAL TERM | |
| Topical term or geographic name entry element | Bolsa de valores |
| 9 (RLIN) | 16936 |
| 650 24 - SUBJECT ADDED ENTRY--TOPICAL TERM | |
| Topical term or geographic name entry element | Bolsas de valores |
| Geographic subdivision | Estados Unidos |
| 9 (RLIN) | 39318 |
| 700 1# - ADDED ENTRY--PERSONAL NAME | |
| Personal name | Morales López del Castillo, Vicente, |
| Relator term | traductor |
| 9 (RLIN) | 39319 |
| 942 ## - ADDED ENTRY ELEMENTS (KOHA) | |
| Source of classification or shelving scheme | Dewey Decimal Classification |
| Koha item type | Books |
| Withdrawn status | Lost status | Source of classification or shelving scheme | Damaged status | Not for loan | Collection code | Home library | Current library | Date acquired | Source of acquisition | Full call number | Barcode | Date last seen | Copy number | Koha item type |
|---|---|---|---|---|---|---|---|---|---|---|---|---|---|---|
| Dewey Decimal Classification | Non-fiction | Biblioteca Pública José María del Castillo y Rada | Biblioteca Pública José María del Castillo y Rada | 04/15/2018 | Donación | 332.632 / H371i | 430002883 | 05/16/2024 | Ej.1 | Books |